Safety research for a changing highway environment : strategic transportation research study : highway safety.

Bibliographic Details
Corporate Author: National Research Council (U.S.). Transportation Research Board
Format: Book
Language:English
Published: Washington, D.C. : Transportation Research Board, National Research Council, 1990.
Series:Special report (National Research Council (U.S.). Transportation Research Board) ; 229.
Subjects:

MARC

Tag First Indicator Second Indicator Subfields
LEADER 00000cam a2200000 a 4500
001 in00001019813
005 20150928092441.0
008 900927s1990 dcua b f00000 eng
010 |a  90019676  
020 |a 0309050561 
035 |a (OCoLC)22544187 
035 |9 AFE9305AM 
040 |a DLC  |c DLC  |d TXA  |d UtOrBLW 
043 |a n-us--- 
049 |a TXAM 
050 0 0 |a HE5614.2  |b .S24 1990 
082 0 0 |a 363.12/5/0973  |2 20 
245 0 0 |a Safety research for a changing highway environment :  |b strategic transportation research study : highway safety. 
264 1 |a Washington, D.C. :  |b Transportation Research Board, National Research Council,  |c 1990. 
300 |a 166 pages :  |b illustrations ;  |c 23 cm. 
336 |a text  |b txt  |2 rdacontent 
337 |a unmediated  |b n  |2 rdamedia 
338 |a volume  |b nc  |2 rdacarrier 
490 1 |a Special report,  |x 0360-859X ;  |v 229 
504 |a Includes bibliographical references. 
650 0 |a Transportation, Automotive  |x Safety measures  |x Research  |z United States. 
650 0 |a Traffic safety  |x Research  |z United States. 
710 2 |a National Research Council (U.S.).  |b Transportation Research Board. 
830 0 |a Special report (National Research Council (U.S.). Transportation Research Board) ;  |v 229. 
999 |a MARS 
999 f f |s 71b590e1-31a1-3fb7-bdb0-2d57186e3f61  |i bed6a388-c683-381f-aae3-94e18e526379  |t 0 
952 f f |p ric  |a Texas A&M University  |b Rellis Campus  |c Joint Library Facility  |d Remote Storage  |t 0  |e HE5614.2 .S24 1990  |h Library of Congress classification  |i unmediated -- volume  |m A14815060305 
952 f f |p default  |a Texas A&M University  |b College Station  |c Sterling C. Evans Library  |d Evans: Microforms (3rd floor)  |t 0  |e fiche S 753 no.229  |h Other scheme  |i unmediated -- volume 
998 f f |a fiche S 753 no.229  |t 0  |l Evans: Microforms (3rd floor) 
998 f f |a HE5614.2 .S24 1990  |t 0  |l Remote Storage